[Event "Regionalliga Nord-Ost 1718"]
[Site "Bayern"]
[Date "2017.12.10"]
[Round "4.7"]
[White "Seidl, Juergen"]
[Black "Unterkircher, Michael"]
[Result "0-1"]
[WhiteElo "2006"]
[BlackElo "1897"]
[PlyCount "48"]
[EventDate "2017.10.22"]
[EventType "team-tourn"]
[EventRounds "9"]
[EventCountry "GER"]
[SourceTitle "EXT 2022"]
[Source "ChessBase"]
[SourceDate "2021.10.06"]
[SourceVersion "1"]
[SourceVersionDate "2021.10.06"]
[SourceQuality "1"]
[WhiteTeam "Kareth Lappersdorf II"]
[BlackTeam "Windischeschenbach"]
[WhiteTeamCountry "GER"]
[BlackTeamCountry "GER"]

1. d4 d5 2. c4 e6 3. Nf3 c6 4. g3 f5 5. Bg2 Nf6 6. 0-0 Bd6 7. b3 Nbd7 8. Qc2 Ne4 9. Ba3 Bxa3 10. Nxa3 Ndf6 11. b4 h5 12. Qd3 Ng4 13. Ne5 Nxe5 14. dxe5 h4 15. Qd4 Qe7 16. Nc2 hxg3 17. hxg3 b6 18. Qe3 g5 19. Nd4 Qh7 20. Rfc1 Qh2+ 21. Kf1 f4 22. gxf4 gxf4 23. Qf3 Rg8 24. Qh3 Rxg2 0-1

[Event "Regionalliga NO 0809"]
[Site "Bayern"]
[Date "2009.03.01"]
[Round "7.4"]
[White "Berreth, Marc"]
[Black "Seidl, Juergen"]
[Result "1/2-1/2"]
[WhiteElo "2013"]
[BlackElo "2097"]
[PlyCount "90"]
[EventDate "2008.10.05"]
[EventType "team-tourn"]
[EventRounds "9"]
[EventCountry "GER"]
[SourceTitle "EXT 2020"]
[Source "ChessBase"]
[SourceDate "2019.10.17"]
[SourceVersion "1"]
[SourceVersionDate "2019.10.17"]
[SourceQuality "1"]
[WhiteTeam "Forchheim II"]
[BlackTeam "Kareth Lappersdorf"]
[WhiteTeamCountry "GER"]
[BlackTeamCountry "GER"]

1. c4 e5 2. Nc3 Nc6 3. g3 d6 4. Bg2 Be6 5. d3 Qd7 6. e4 g6 7. Nd5 Nd4 8. Be3 c6 9. Bxd4 exd4 10. Nf4 Bg7 11. Nxe6 Qxe6 12. Ne2 Ne7 13. 0-0 0-0 14. Qb3 Rab8 15. Qa4 a6 16. b4 b5 17. cxb5 axb5 18. Qb3 Qd7 19. Rfc1 Ra8 20. a4 bxa4 21. Rxa4 Rab8 22. Qc4 Rb7 23. Nxd4 d5 24. Qc5 dxe4 25. Nxc6 Nxc6 26. Qxc6 Qxc6 27. Rxc6 Rfb8 28. Bxe4 Rxb4 29. Rxb4 Rxb4 30. Rc8+ Bf8 31. Bd5 Rd4 32. Bc4 Rd7 33. Kg2 Kg7 34. Re8 Bc5 35. g4 Rd4 36. h3 Rf4 37. f3 Rf6 38. Rd8 Rd6 39. Rxd6 Bxd6 40. d4 g5 41. Kf2 Kf6 42. Ke3 Bf4+ 43. Ke4 h6 44. Kd5 Ke7 45. Kc6 Bg3 1/2-1/2

[Event "Regionalliga NO 0708"]
[Site "Bayern"]
[Date "2008.04.06"]
[Round "8.4"]
[White "Roeder, Gerd"]
[Black "Seidl, Juergen"]
[Result "1/2-1/2"]
[WhiteElo "2241"]
[BlackElo "2097"]
[PlyCount "46"]
[EventDate "2007.10.21"]
[EventType "team-tourn"]
[EventRounds "9"]
[EventCountry "GER"]
[SourceTitle "EXT 2009"]
[Source "ChessBase"]
[SourceDate "2008.11.26"]
[SourceVersion "1"]
[SourceVersionDate "2008.11.26"]
[SourceQuality "1"]
[WhiteTeam "Altensittenbach"]
[BlackTeam "Kareth Lappersdorf"]
[WhiteTeamCountry "GER"]
[BlackTeamCountry "GER"]

1. e4 e6 2. d4 d5 3. Nd2 Nf6 4. e5 Nfd7 5. Bd3 c5 6. c3 Nc6 7. Ne2 cxd4 8. cxd4 Qb6 9. Nf3 f6 10. exf6 Nxf6 11. 0-0 Bd6 12. Nc3 0-0 13. Be3 Bd7 14. a3 Kh8 15. b4 a6 16. h3 Rac8 17. Ne5 Qc7 18. f4 Nxb4 19. axb4 Qxc3 20. Rc1 Qa3 21. Ra1 Qc3 22. Rc1 Qa3 23. Ra1 Qc3 1/2-1/2

[Event "Regionalliga NO 0708"]
[Site "Bayern"]
[Date "2007.10.21"]
[Round "1.3"]
[White "Seidl, Juergen"]
[Black "Petzold, Vinzenz"]
[Result "1-0"]
[WhiteElo "2097"]
[BlackElo "2030"]
[PlyCount "47"]
[EventDate "2007.10.21"]
[EventType "team-tourn"]
[EventRounds "9"]
[EventCountry "GER"]
[SourceTitle "EXT 2009"]
[Source "ChessBase"]
[SourceDate "2008.11.26"]
[SourceVersion "1"]
[SourceVersionDate "2008.11.26"]
[SourceQuality "1"]
[WhiteTeam "Kareth Lappersdorf"]
[BlackTeam "Erlangen"]
[WhiteTeamCountry "GER"]
[BlackTeamCountry "GER"]

1. d4 d5 2. c4 c6 3. Nf3 Nf6 4. Nc3 e6 5. Bg5 dxc4 6. g3 Bb4 7. Bg2 Qa5 8. 0-0 Nbd7 9. Qc2 0-0 10. e4 Bxc3 11. bxc3 e5 12. Bxf6 Nxf6 13. Nxe5 Be6 14. Rae1 Nd7 15. Nf3 Qh5 16. Nh4 Nf6 17. f4 Rfe8 18. f5 Bd7 19. Nf3 b5 20. Ne5 Rad8 21. Rf4 Qh6 22. Rh4 Nh5 23. Qf2 c5 24. g4 1-0

[Event "Regionalliga NO 0607"]
[Site "Bayern"]
[Date "2006.12.10"]
[Round "4.4"]
[White "Kanewski, Josef"]
[Black "Seidl, Juergen"]
[Result "0-1"]
[WhiteElo "2062"]
[BlackElo "2107"]
[PlyCount "66"]
[EventDate "2006.10.15"]
[EventType "team-tourn"]
[EventRounds "9"]
[EventCountry "GER"]
[SourceTitle "EXT 2008"]
[Source "ChessBase"]
[SourceDate "2007.11.25"]
[SourceVersion "1"]
[SourceVersionDate "2007.11.25"]
[SourceQuality "1"]
[WhiteTeam "Weiden"]
[BlackTeam "Kareth Lappersdorf"]
[WhiteTeamCountry "GER"]
[BlackTeamCountry "GER"]

1. d4 Nf6 2. c4 e6 3. Nc3 Bb4 4. Bg5 h6 5. Bh4 c5 6. d5 Bxc3+ 7. bxc3 d6 8. e3 g5 9. Bg3 e5 10. Bd3 e4 11. Bc2 Qe7 12. Ne2 Kf8 13. h4 Rg8 14. hxg5 hxg5 15. Kd2 Nbd7 16. Rh6 Ne5 17. Bxe5 Qxe5 18. Qg1 Bd7 19. Rb1 b5 20. cxb5 Ng4 21. Rh1 Qxd5+ 22. Kc1 Qxa2 23. Bxe4 Rb8 24. Rb2 Qa1+ 25. Rb1 Qa3+ 26. Kd2 Rxb5 27. f3 Qa2+ 28. Bc2 Ne5 29. Rxb5 Bxb5 30. Qd1 Qe6 31. e4 Nc4+ 32. Ke1 Ne3 33. Qb1 Qc4 0-1

[Event "Regionalliga NO 0506"]
[Site "Bayern"]
[Date "2006.03.12"]
[Round "8.4"]
[White "Stubbe, Wilko"]
[Black "Seidl, Juergen"]
[Result "1/2-1/2"]
[WhiteElo "2009"]
[BlackElo "2118"]
[PlyCount "25"]
[EventDate "2005.10.23"]
[EventType "team-tourn"]
[EventRounds "9"]
[EventCountry "GER"]
[SourceTitle "EXT 2007"]
[Source "ChessBase"]
[SourceDate "2006.11.23"]
[SourceVersion "1"]
[SourceVersionDate "2006.11.23"]
[SourceQuality "1"]

1. Nf3 g6 2. g3 Bg7 3. Bg2 d6 4. d3 e5 5. c3 Nc6 6. Nbd2 Be6 7. e4 h6 8. Qc2 Qd7 9. h3 Nge7 10. Nc4 0-0 11. Ne3 f5 12. Bd2 Rab8 13. Nh4 1/2-1/2

[Event "Regionalliga NO 0506"]
[Site "Bayern"]
[Date "2006.02.19"]
[Round "7.4"]
[White "Seidl, Juergen"]
[Black "Stoeckl, Stephan"]
[Result "1-0"]
[WhiteElo "2118"]
[BlackElo "2023"]
[PlyCount "51"]
[EventDate "2005.10.23"]
[EventType "team-tourn"]
[EventRounds "9"]
[EventCountry "GER"]
[SourceTitle "EXT 2007"]
[Source "ChessBase"]
[SourceDate "2006.11.23"]
[SourceVersion "1"]
[SourceVersionDate "2006.11.23"]
[SourceQuality "1"]

1. d4 Nf6 2. c4 e6 3. Nc3 d5 4. Nf3 Be7 5. Bg5 0-0 6. e3 h6 7. Bh4 b6 8. cxd5 exd5 9. Qa4 Bb7 10. Rc1 Nbd7 11. Ba6 Bxa6 12. Qxa6 Re8 13. 0-0 c6 14. Rc2 Qc8 15. Qxc8 Raxc8 16. Rfc1 Bb4 17. Nb5 a6 18. Na7 Ra8 19. Nxc6 Bd6 20. Bg3 Bxg3 21. hxg3 Ne4 22. Nb4 Ndf6 23. Ne5 Ra7 24. Rc7 Re7 25. Rxe7 Rxe7 26. Nxa6 1-0

[Event "Regionalliga NO 0506"]
[Site "Bayern"]
[Date "2006.01.15"]
[Round "5.4"]
[White "Diekers, Michael"]
[Black "Seidl, Juergen"]
[Result "1/2-1/2"]
[WhiteElo "2075"]
[BlackElo "2118"]
[PlyCount "82"]
[EventDate "2005.10.23"]
[EventType "team-tourn"]
[EventRounds "9"]
[EventCountry "GER"]
[SourceTitle "EXT 2007"]
[Source "ChessBase"]
[SourceDate "2006.11.23"]
[SourceVersion "1"]
[SourceVersionDate "2006.11.23"]
[SourceQuality "1"]

1. Nf3 g6 2. c4 Bg7 3. d4 f5 4. Nc3 Nf6 5. g3 d6 6. Bg2 0-0 7. 0-0 Qe8 8. d5 a5 9. Nd4 Na6 10. e4 fxe4 11. Nxe4 Nxe4 12. Bxe4 Bh3 13. Bg2 Bxg2 14. Kxg2 Nc5 15. Be3 c6 16. dxc6 bxc6 17. Qd2 Qf7 18. f3 Ra6 19. Rac1 Rd8 20. Ne2 Ne6 21. b3 c5 22. Nc3 Nd4 23. Bxd4 Bxd4 24. Rce1 e5 25. f4 Qb7+ 26. Nd5 a4 27. fxe5 Bxe5 28. Rf3 axb3 29. axb3 Rda8 30. Re2 Ra3 31. Qc2 Rb8 32. Ree3 Qg7 33. h4 Rb7 34. Re2 Ra1 35. Qe4 Rba7 36. Ref2 R1a2 37. Rxa2 Rxa2+ 38. Rf2 Rxf2+ 39. Kxf2 Qh6 40. Qd3 Qc1 41. Kg2 Qe1 1/2-1/2

[Event "Regionalliga NO 0405"]
[Site "Bayern"]
[Date "2005.01.30"]
[Round "6.3"]
[White "Woerl, Richard"]
[Black "Seidl, Juergen"]
[Result "1/2-1/2"]
[WhiteElo "1928"]
[BlackElo "2152"]
[PlyCount "76"]
[EventDate "2004.10.24"]
[EventType "team-tourn"]
[EventRounds "9"]
[EventCountry "GER"]
[SourceTitle "EXT 2007"]
[Source "ChessBase"]
[SourceDate "2006.11.23"]
[SourceVersion "1"]
[SourceVersionDate "2006.11.23"]
[SourceQuality "1"]
[WhiteTeam "Nuernberg Sued SW II"]
[BlackTeam "Karethein"]
[WhiteTeamCountry "GER"]
[BlackTeamCountry "GER"]

1. e4 e6 2. d4 c5 3. c3 d5 4. exd5 exd5 5. Nf3 Nf6 6. Bb5+ Nc6 7. 0-0 Be7 8. dxc5 Bxc5 9. Re1+ Be6 10. Bxc6+ bxc6 11. Ng5 0-0 12. Nxe6 fxe6 13. Be3 Bd6 14. Nd2 Qb8 15. h3 Qxb2 16. Bd4 Rae8 17. Re2 Qb8 18. Qa4 c5 19. Bxf6 Rxf6 20. c4 Ref8 21. Qc6 Rc8 22. Qa6 Qc7 23. Rb1 Qd7 24. Rd1 Bb8 25. Ne4 Rg6 26. cxd5 exd5 27. Rxd5 Qxh3 28. Ng3 Bxg3 29. fxg3 Rxa6 30. gxh3 Rac6 31. Rd7 c4 32. Ree7 Rg6 33. Kg2 c3 34. Rc7 Rxc7 35. Rxc7 Ra6 36. Rxc3 Rxa2+ 37. Kf3 Kf7 38. Ke4 Ra4+ 1/2-1/2

[Event "Passau op 7th"]
[Site "Passau"]
[Date "1999.04.05"]
[Round "7"]
[White "Tatar Kis, Szabolcs"]
[Black "Seidl, Juergen"]
[Result "0-1"]
[WhiteElo "2389"]
[BlackElo "2154"]
[PlyCount "122"]
[EventDate "1999.04.02"]
[EventType "swiss"]
[EventRounds "7"]
[EventCountry "GER"]
[SourceTitle "EXT 2000"]
[Source "ChessBase"]
[SourceDate "1999.11.16"]
[SourceVersion "1"]
[SourceVersionDate "1999.11.16"]
[SourceQuality "1"]

1. e4 e6 2. d4 d5 3. Nc3 Bb4 4. e5 c5 5. a3 Bxc3+ 6. bxc3 Ne7 7. Qg4 0-0 8. Bd3 f5 9. exf6 Rxf6 10. Bg5 Rf7 11. Qh4 h6 12. Bxe7 Rxe7 13. Nf3 Nc6 14. 0-0 c4 15. Bg6 Bd7 16. Rfe1 Qc7 17. Ne5 Nxe5 18. Rxe5 Be8 19. Qg4 Qd6 20. Rae1 Bd7 21. Qh3 Rf8 22. g4 Rf6 23. Qh5 Qxa3 24. Bf5 Qxc3 25. R1e3 Qa1+ 26. Re1 Qxd4 27. g5 Rxf5 28. Rxf5 g6 29. Qxg6+ Rg7 30. Rxe6 Rxg6 31. Rxg6+ Kh7 32. Rxh6+ Kg7 33. Rf3 Qd1+ 34. Kg2 Bf5 35. Rf4 Be4+ 36. f3 Qxc2+ 37. Kg3 Bg6 38. h4 Qb1 39. h5 Bxh5 40. Rxh5 Qg1+ 41. Kh3 c3 42. Rfh4 Qf1+ 43. Kg4 Qc4+ 44. Kf5 Qd3+ 45. Kg4 c2 46. Rh1 d4 47. Rh6 Qd1 48. Rh7+ Kf8 49. Rh8+ Ke7 50. R1h7+ Kd6 51. Rd8+ Kc6 52. Rc8+ Kb6 53. Rhc7 d3 54. Kf4 Qe2 55. g6 Qh2+ 56. Ke3 Qe2+ 57. Kf4 Qh2+ 58. Ke3 Qh6+ 59. Kxd3 Qxg6+ 60. Ke2 Qe6+ 61. Kf2 Qc6 0-1

[Event "Passau op 7th"]
[Site "Passau"]
[Date "1999.04.03"]
[Round "3"]
[White "Arbinger, Axel"]
[Black "Seidl, Juergen"]
[Result "1-0"]
[WhiteElo "1854"]
[BlackElo "2154"]
[PlyCount "125"]
[EventDate "1999.04.02"]
[EventType "swiss"]
[EventRounds "7"]
[EventCountry "GER"]
[SourceTitle "EXT 2000"]
[Source "ChessBase"]
[SourceDate "1999.11.16"]
[SourceVersion "1"]
[SourceVersionDate "1999.11.16"]
[SourceQuality "1"]

1. e4 e6 2. Qe2 c5 3. g3 Nc6 4. c3 g6 5. Bg2 Bg7 6. Nf3 Nge7 7. 0-0 0-0 8. d3 b6 9. Rd1 Ba6 10. Qc2 Rc8 11. Bg5 h6 12. Bf4 e5 13. Bc1 d5 14. Na3 Qd7 15. Qa4 Bb7 16. c4 dxe4 17. dxe4 Qg4 18. Nb5 Ba8 19. h3 Qxe4 20. Nd6 b5 21. Qxb5 Qc2 22. Rd2 a6 23. Qxa6 Nb4 24. Rxc2 Nxa6 25. Nxc8 Rxc8 26. Ne1 e4 27. Bd2 Nf5 28. Bc3 Nd4 29. Rd2 Nc7 30. Rad1 Nce6 31. Nc2 f5 32. Nxd4 cxd4 33. Bxd4 Nxd4 34. Rxd4 Bxd4 35. Rxd4 Kf7 36. b4 Ke6 37. c5 Bd5 38. a4 Ke5 39. Rd2 g5 40. Bf1 f4 41. Ba6 Rb8 42. Bb5 e3 43. fxe3 fxe3 44. Rc2 Be4 45. Rc1 h5 46. Be2 h4 47. g4 Rf8 48. Rf1 Rc8 49. a5 Kd4 50. a6 Kc3 51. b5 Rxc5 52. Rc1+ Kb4 53. Ra1 Rc2 54. Kf1 Rc8 55. b6 Rf8+ 56. Ke1 Kc5 57. b7 Kb6 58. Ra3 Bxb7 59. axb7 Kxb7 60. Rxe3 Rg8 61. Re6 Kc7 62. Bd3 Kd7 63. Bf5 1-0

[Event "Passau op 7th"]
[Site "Passau"]
[Date "1999.04.02"]
[Round "1"]
[White "Zell, Stefan"]
[Black "Seidl, Juergen"]
[Result "0-1"]
[WhiteElo "1699"]
[BlackElo "2154"]
[PlyCount "50"]
[EventDate "1999.04.02"]
[EventType "swiss"]
[EventRounds "7"]
[EventCountry "GER"]
[SourceTitle "EXT 2000"]
[Source "ChessBase"]
[SourceDate "1999.11.16"]
[SourceVersion "1"]
[SourceVersionDate "1999.11.16"]
[SourceQuality "1"]

1. d4 Nf6 2. Nf3 c5 3. d5 d6 4. c4 g6 5. Nc3 Bg7 6. e4 0-0 7. Be2 a6 8. a4 Bg4 9. 0-0 Nbd7 10. a5 h6 11. Ne1 Bxe2 12. Qxe2 e5 13. Nd3 Qe7 14. Be3 Rac8 15. Ra3 Rc7 16. f3 Nh7 17. Qd2 h5 18. Bh6 f5 19. Bxg7 Qxg7 20. f4 fxe4 21. Nxe4 Qe7 22. fxe5 Rxf1+ 23. Kxf1 Nxe5 24. Nxe5 Qxe5 25. Ng3 h4 0-1

[Event "Karl Wagner Memorial 5th"]
[Site "Graz"]
[Date "1998.09.11"]
[Round "7.26"]
[White "Wallner, Joachim"]
[Black "Seidl, Juergen"]
[Result "1-0"]
[WhiteElo "2240"]
[BlackElo "2160"]
[PlyCount "43"]
[EventDate "1998.09.??"]
[EventType "swiss"]
[EventRounds "9"]
[EventCountry "AUT"]
[SourceTitle "EXT 1999"]
[Source "ChessBase"]
[SourceDate "1998.11.16"]
[SourceVersion "1"]
[SourceVersionDate "1998.11.16"]
[SourceQuality "1"]

1. e4 e6 2. Nf3 d5 3. Nc3 c5 4. exd5 exd5 5. Bb5+ Nc6 6. 0-0 Be7 7. d4 Nf6 8. dxc5 0-0 9. Bg5 Be6 10. Bxc6 bxc6 11. b4 a5 12. a3 Qc7 13. Qd4 Qb7 14. Ne5 h6 15. Bh4 Bf5 16. Rac1 Rfe8 17. Rfe1 axb4 18. axb4 Ra3 19. f3 Rea8 20. Nxc6 Bf8 21. b5 Nd7 22. Be7 1-0